Quiz sur la Bosnie-Herzégovine - Statistiques

Statistiques générales
  • Ce quiz a été pris 9 530 fois
  • Le résultat moyen est 11 sur 18
Statistiques - réponses
Question Réponse % Correct
Pays frontaliers Croatie
96%
Capitale et ville la plus peuplée Sarajevo
96%
Pays frontaliers Serbie
95%
Pays frontaliers Monténégro
90%
Pays auquel la Bosnie appartenait de 1918 à 1992 Yougoslavie
86%
Religion la plus pratiquée Islam
85%
Comme la France, la Bosnie a cette fleur comme symbole national Lys
83%
Empire qui a contrôlé la Bosnie de 1463 à 1878 Empire Ottoman
80%
Mer sur laquelle la Bosnie a 20 kilomètres de littoral Mer Adriatique
73%
Péninsule sur laquelle la Bosnie se situe Balkans
70%
Évènement international majeur que la Bosnie a organisé en 1984 Jeux Olympiques d'Hiver
69%
Noble autrichien qui fut assassiné dans la capitale bosnienne en 1914 François Ferdinand
65%
Plus grande ville d'Herzégovine, connue pour son vieux pont inscrit à l'UNESCO M{ostar}
32%
Pays qui investit le plus d'argent en Bosnie Autriche
30%
Deuxième ville la plus peuplée Banja {Luka}
29%
Devise monétaire actuelle, indexée sur l'Euro {Mark} convertible
21%
Accords signés dans l'Ohio qui ont mis fin à la guerre de Bosnie en 1995 Accords de {Dayton}
19%
Rivière coulant jusqu'à Belgrade qui forme la frontière nord du pays Save
14%
Aucun quiz correspondant
Distribution des résultats
% des personnes avec chaque résultat
Percentile par nombre de réponses
Votre historique - résultats
Vous n’avez pas pris ce quiz